Loading...
| Science - Chemistry | 0 | 5 | 1 | 1 | 45 | 79 | 102.20 | 1 | 2 |
| Science - Other Science | 0 | 4 | 0 | 0 | 40 | 52 | 77.75 | 1 | 1 |
| Literature - American Literature | 0 | 2 | 0 | 0 | 20 | 39 | 83.00 | 1 | 2 |
| Science - Physics | 0 | 3 | 2 | 1 | 20 | 83 | 90.00 | 0 | 1 |
| History - World History | 0 | 2 | 0 | 2 | 20 | 103 | 112.00 | 0 | 0 |
| Literature - European Literature | 0 | 3 | 2 | 0 | 20 | 97 | 118.67 | 0 | 0 |
| Fine Arts - Other Fine Arts | 0 | 2 | 1 | 1 | 15 | 116 | 125.50 | 0 | 0 |
| Literature - British Literature | 0 | 2 | 1 | 0 | 15 | 112 | 117.00 | 0 | 0 |
| Fine Arts - Classical Music | 0 | 1 | 0 | 0 | 10 | 111 | 111.00 | 0 | 0 |
| History - Other History | 0 | 1 | 0 | 0 | 10 | 108 | 108.00 | 0 | 0 |
| Literature - World/Other Literature | 0 | 1 | 0 | 0 | 10 | 127 | 127.00 | 0 | 0 |
| Mythology | 0 | 1 | 0 | 1 | 10 | 77 | 77.00 | 0 | 0 |
| Philosophy | 0 | 1 | 0 | 0 | 10 | 86 | 86.00 | 1 | 1 |
| Religion | 0 | 1 | 0 | 0 | 10 | 29 | 29.00 | 1 | 1 |
| Science - Biology | 0 | 2 | 2 | 0 | 10 | 75 | 95.00 | 1 | 1 |
| Fine Arts - Visual Fine Arts | 0 | 1 | 1 | 1 | 5 | 109 | 109.00 | 0 | 0 |
| Social Science | 0 | 1 | 1 | 0 | 5 | 85 | 85.00 | 0 | 0 |